| 000 | 00531 a2200157 4500 | ||
|---|---|---|---|
| 008 | 231101b ||||| |||| 00| 0 eng d | ||
| 020 | _a9789914724509 | ||
| 050 |
_aLB1628.5 _b.K46 2020 |
||
| 110 | _aKenya Institute of Curriculum Development | ||
| 245 | _aUpper Primary Level Curriculum Design; Science and Technology, Grade5 | ||
| 260 |
_bKenya Instititute of Curriculum Development _c2020 _aNairobi |
||
| 300 |
_ax, 36 p. : _c18 cm. |
||
| 650 | _aCurriculum Design | ||
| 650 | _aScience and Technology | ||
| 942 |
_cBK _2lcc |
||
| 999 |
_c58833 _d58833 |
||